000 00556nam a2200229Ia 4500
003 OSt
005 20220924152926.0
006 a|||||r|||| 00| 0
007 ta
008 220923b |||||||| |||| 00| 0 guj d
024 _a345873
037 _cTextual
040 _aARTS
_cARTS
_bguj
041 _2guj
_aguj
082 _aO156,1N01,6, H8
100 _aPujalal
_9227817
245 0 _aAradhika
260 _c1948
650 _aGUJRATI LITERATURE
942 _hO156,1N01,6, H8
_cTEXL
_2CC
999 _c471545
_d471545